000
00286nam a22001217a 4500
008
181010b xxu||||| |||| 00| 0 eng d
041
_a
eng
080
_a
159.9
100
_a
48
101
_a
PSI
245
_a
Social research and Children and Adolescents
_c
Stanley,B
942
_2
udc
_c
BK
999
_c
49270
_d
49270